000 00365nam a22001217a 4500
082 _a220 PRO
100 _aABDULLAH,HASSAN,SAAD
_971948
245 _aPR-SOF-1109-DESIGN SIMULATION AND ANALYSIS OF A MICRO HYDRO KAPLAN TURBINE
260 _aISLAMABAD
_bNUST COLLEGE OF EME
_c2011
650 _a DE-MECH-29
_971949
700 _aDR MUHAMMAD AFZAAL
_971950
942 _cCR
999 _c578204
_d578204